000 00257nam a2200109Ia 4500
008 190914s9999||||xx |||||||||||||| ||und||
100 _aLeon G.Schiffman
245 0 _aConsumer Behavior
260 _aNew Delhi
_bPrentice
_c1992
300 _a482
942 _cBK
999 _c8785
_d8785